000 00338nam a22001457a 4500
008 210225b ||||| |||| 00| 0 eng d
020 _a9781591942054
041 _aeng
080 _a33
082 _a33
100 _a58
101 _aBIZ
245 _ainstructors Manual and Test Bank to Accompany
_cGoldstein, J. M
942 _2udc
_cBK
999 _c55189
_d55189